<?xml version="1.0" encoding="UTF-8"?>
<collection xmlns:xsi="http://www.w3.org/2001/XMLSchema-instance" xsi:schemaLocation="http://www.loc.gov/MARC21/slim http://www.loc.gov/standards/marcxml/schema/MARC21slim.xsd" xmlns="http://www.loc.gov/MARC21/slim">
 <record>
  <leader>00000cam a22000004i 4500</leader>
  <controlfield tag="001">UP-99796217612811226</controlfield>
  <controlfield tag="003">Buklod</controlfield>
  <controlfield tag="005">20180815141958.0</controlfield>
  <controlfield tag="006">a     r    |||| u|</controlfield>
  <controlfield tag="007">ta</controlfield>
  <controlfield tag="008">180815s2017    xx     d     r    |||| u|</controlfield>
  <datafield tag="020" ind1=" " ind2=" ">
   <subfield code="a">9781841847054 (hbk : alk. paper)</subfield>
  </datafield>
  <datafield tag="035" ind1=" " ind2=" ">
   <subfield code="a">(iLib)UPD-00366414208</subfield>
  </datafield>
  <datafield tag="040" ind1=" " ind2=" ">
   <subfield code="a">DLC</subfield>
   <subfield code="d">DCHK</subfield>
   <subfield code="e">rda</subfield>
  </datafield>
  <datafield tag="041" ind1=" " ind2=" ">
   <subfield code="a">eng</subfield>
  </datafield>
  <datafield tag="042" ind1=" " ind2=" ">
   <subfield code="a">DMLUC</subfield>
  </datafield>
  <datafield tag="090" ind1=" " ind2=" ">
   <subfield code="a">RD 97</subfield>
   <subfield code="b">P48 2017</subfield>
  </datafield>
  <datafield tag="100" ind1="1" ind2=" ">
   <subfield code="a">Peterson, Lars</subfield>
   <subfield code="e">author.</subfield>
  </datafield>
  <datafield tag="245" ind1="1" ind2="0">
   <subfield code="a">Sports injuries</subfield>
   <subfield code="b">prevention, treatment, and rehabilitation</subfield>
   <subfield code="c">Lars Peterson, Per Renstrom.</subfield>
  </datafield>
  <datafield tag="250" ind1=" " ind2=" ">
   <subfield code="a">Fourth edition.</subfield>
  </datafield>
  <datafield tag="264" ind1=" " ind2="1">
   <subfield code="a">Boca Raton</subfield>
   <subfield code="b">CRC Press, Taylor &amp; Francis Group</subfield>
   <subfield code="c">[2017]</subfield>
  </datafield>
  <datafield tag="264" ind1=" " ind2="4">
   <subfield code="c">©2017</subfield>
  </datafield>
  <datafield tag="300" ind1=" " ind2=" ">
   <subfield code="a">xviii, 619 pages</subfield>
   <subfield code="b">illustrations (chiefly color)</subfield>
   <subfield code="c">29 cm</subfield>
  </datafield>
  <datafield tag="336" ind1=" " ind2=" ">
   <subfield code="a">text</subfield>
   <subfield code="b">txt</subfield>
   <subfield code="2">rdacontent</subfield>
  </datafield>
  <datafield tag="337" ind1=" " ind2=" ">
   <subfield code="a">unmediated</subfield>
   <subfield code="2">rdamedia</subfield>
  </datafield>
  <datafield tag="338" ind1=" " ind2=" ">
   <subfield code="a">volume</subfield>
   <subfield code="b">nc</subfield>
   <subfield code="2">rdacarrier</subfield>
  </datafield>
  <datafield tag="504" ind1=" " ind2=" ">
   <subfield code="a">Includes bibliographical references and index (595 - 619).</subfield>
  </datafield>
  <datafield tag="505" ind1="0" ind2=" ">
   <subfield code="a">Sports medicine/injuries in society -- Risk factors for sports injuries -- individual and general -- Prevention of injury and preparation for sport -- Equipment in sport principles -- Braces and taping in sport -- Injury prevention in some major sports -- Injury management situations, options and possibilities -- Treatment principles and options : an overview -- Rehabilitation principles -- Shoulder injuries in sport -- Upper arm injuries in sport -- Elbow injuries in sport -- Forearm, wrist and hand injuries in sport -- Head and face injuries in sport -- Throat, chest and abdominal injuries in sport -- Back/spine injuries in sport -- Groin, pelvis and hip join injuries in sport -- Thigh injuries in sport -- Knee injuries in sport -- Lower leg injuries in sport -- Ankle injuries in sport -- Foot injuries in sport -- Growing athletes : special considerations -- Outdoor activity risks and sports during extreme conditions -- Disabled athletes' injuries.</subfield>
  </datafield>
  <datafield tag="520" ind1=" " ind2=" ">
   <subfield code="a">This popular handbook comprehensively covers the prevention and treatment of sports injuries, and is thus essential reading for all athletes, trainers, physio-therapists and doctors. It covers all international sports and features extensive use of action photographs. For each type of injury examined, it details the symptoms, mechanism of injury, diagnosis, treatment, rehabilitation protocols, and key points--clearly stating what both non-medical and medical professionals should do in each case of injury. This easy-to-follow textbook features a glossary of key terms and protocols with rehabilitation exercises to provide readers with a solid understanding about how to effectively treat, rehabilitate, and prevent sports injuries.</subfield>
  </datafield>
  <datafield tag="650" ind1=" " ind2="0">
   <subfield code="a">Athletic Injuries</subfield>
   <subfield code="x">Therapy.</subfield>
  </datafield>
  <datafield tag="650" ind1=" " ind2="0">
   <subfield code="a">Athletic Injuries</subfield>
   <subfield code="x">Prevention and control.</subfield>
  </datafield>
  <datafield tag="658" ind1=" " ind2=" ">
   <subfield code="a">Prevention &amp; Management of Human Movement Related Injuries</subfield>
   <subfield code="c">SS 171.</subfield>
  </datafield>
  <datafield tag="700" ind1="1" ind2=" ">
   <subfield code="a">Renstrom, Per</subfield>
   <subfield code="e">author.</subfield>
  </datafield>
  <datafield tag="905" ind1=" " ind2=" ">
   <subfield code="a">FO</subfield>
  </datafield>
  <datafield tag="852" ind1="0" ind2=" ">
   <subfield code="a">UPD</subfield>
   <subfield code="b">DCHK</subfield>
   <subfield code="h">RD 97</subfield>
   <subfield code="i">P48 2017</subfield>
  </datafield>
  <datafield tag="942" ind1=" " ind2=" ">
   <subfield code="a">Book</subfield>
  </datafield>
 </record>
</collection>
